|
|
|
|
| LEADER |
00743nam a2200193 a 4500 |
| 001 |
GR-MES1467 |
| 008 |
991111s gr 000 0 eng d |
| 020 |
|
|
|a 0071004920
|
| 040 |
|
|
|a GrPaTEI
|b gre
|c GR-PaULI
|
| 100 |
1 |
|
|a Hillier, Frederick S.
|
| 245 |
1 |
0 |
|a Introduction to operations research.
|
| 260 |
|
|
|a [χ.τ.] :
|b McGraw-Hill,
|c χ.χ
|
| 300 |
|
|
|a 888σελ. :
|b πιν.
|
| 650 |
|
4 |
|a Επιχειρησιακή έρευνα
|
| 700 |
1 |
|
|a Lieberman, Gerald J.
|
| 942 |
|
|
|2 ddc
|
| 952 |
|
|
|0 0
|1 0
|2 ddc
|4 0
|6 338_544000000000000_3_HIL
|7 0
|9 265669
|a MSLG
|b MSLG
|c BSC
|d 2021-01-17
|e 24
|f 0
|g 0.00
|l 0
|o 338.544 3 HIL
|p 2420000002527
|r 2021-01-17 00:00:00
|t 1
|w 2021-01-17
|y BK15
|x 19991111 0 1
|x GrPaTEI
|
| 971 |
|
|
|a .b25725105
|b 15-04-20
|c 13-09-16
|
| 999 |
|
|
|c 152714
|d 152714
|